Campo y horizonte de expectativas como determinantes de la politica económica (Registro nro. 22899)

Detalles MARC
000 -LEADER
fixed length control field 00364 a2200109 4500
001 - CONTROL NUMBER
control field ART_5501
005 - DATE AND TIME OF LATEST TRANSACTION
control field 20260410161827.0
008 - FIXED-LENGTH DATA ELEMENTS--GENERAL INFORMATION
fixed length control field 260409a
100 1# - MAIN ENTRY--PERSONAL NAME
Personal name Voigt, Fritz
245 10 - TITLE STATEMENT
Title Campo y horizonte de expectativas como determinantes de la politica económica
773 0# - HOST ITEM ENTRY
Title Estudios Económicos
Related parts - Vol. 1, Nº 1/2 (ene./dic. 1982)
Record control number REV5080

No hay ítems disponibles.